The Solution of the German Problem

The third reich and its end; The historic roots; The solution.

Gardado en:
Detalles Bibliográficos
Autor Principal: Ropke, Wilhelm
Formato: Libro
Idioma:Undetermined
Publicado: New York G. P. Putnam's Sons 1946
Những chủ đề:
Các nhãn: Engadir etiqueta
Sen Etiquetas, Sexa o primeiro en etiquetar este rexistro!
Thư viện lưu trữ: Trung tâm Học liệu Trường Đại học Cần Thơ
LEADER 00674nam a2200193Ia 4500
001 CTU_218177
008 210402s9999 xx 000 0 und d
082 |a 914.3 
082 |b R785 
100 |a Ropke, Wilhelm 
245 4 |a The Solution of the German Problem 
245 0 |c Wilhelm Ropke 
260 |a New York 
260 |b G. P. Putnam's Sons 
260 |c 1946 
520 |a The third reich and its end; The historic roots; The solution. 
650 |a National socialism,Quốc gia chủ nghĩa xã hội,Đặc điểm quốc gia, Đức,National characteristics, German 
904 |i Trúc 
980 |a Trung tâm Học liệu Trường Đại học Cần Thơ